[Event "Team G15 chess final 2018"]
[Site "Sochi"]
[Date "2018.05.10"]
[Round "7.1"]
[White "Balalaeva, Agata"]
[Black "Mikheeva, Galina"]
[Result "0-1"]
[WhiteElo "1018"]
[BlackElo "1744"]
[PlyCount "46"]
[EventDate "2018.05.01"]

1. e4 e5 2. Nf3 Nc6 3. Bc4 Bc5 4. c3 Nf6 5. d4 exd4 6. e5 d5 7. Bb5 Ne4 8. cxd4
Bb6 9. O-O O-O 10. h3 Ne7 11. Be3 f5 12. Nbd2 f4 13. Nxe4 dxe4 14. Bc4+ Nd5 15.
Bxd5+ Qxd5 16. Ng5 fxe3 17. Qh5 h6 18. fxe3 Bd7 19. e6 Bxe6 20. Rxf8+ Rxf8 21.
Rf1 Rxf1+ 22. Kxf1 Bd7 23. Qg6 hxg5 0-1

[Event "Team G15 chess final 2018"]
[Site "Sochi"]
[Date "2018.05.10"]
[Round "7.2"]
[White "Bronnikova, Ekaterina"]
[Black "Romanenkova, Ekaterina"]
[Result "1-0"]
[WhiteElo "1348"]
[BlackElo "1124"]
[PlyCount "105"]
[EventDate "2018.05.01"]

1. e4 e5 2. Nf3 Nc6 3. Bb5 d6 4. d4 exd4 5. Nxd4 Bd7 6. Bxc6 Bxc6 7. Nc3 Nf6 8.
Qf3 Qe7 9. Nxc6 bxc6 10. O-O Qe6 11. Bf4 Be7 12. Rfe1 Nd7 13. h3 Bh4 14. Bg3
Bxg3 15. Qxg3 O-O 16. Rad1 Ne5 17. b3 f5 18. exf5 Qxf5 19. Re2 Rf6 20. Qe3 Re8
21. Ne4 Rg6 22. Ng3 Qf7 23. f4 Nf3+ 24. Qxf3 Rxe2 25. Nxe2 Qf5 26. Qxc6 h6 27.
Qd5+ Qf7 28. Qxf7+ Kxf7 29. Kf2 Kf6 30. Rd5 Ke6 31. Ra5 c5 32. Rxa7 Kd5 33. Ra4
Rf6 34. Nc3+ Ke6 35. Re4+ Kf5 36. g4+ Kg6 37. a4 Rf7 38. Re6+ Kh7 39. Ke3 Rd7
40. a5 Ra7 41. Rxd6 Rxa5 42. Rd5 Ra6 43. Rxc5 Re6+ 44. Re5 Rc6 45. Kd4 Rf6 46.
f5 Rd6+ 47. Rd5 Rc6 48. b4 Rc7 49. b5 Rc8 50. b6 Rb8 51. Na4 Ra8 52. Nc5 Rb8
53. b7 1-0

[Event "Team G15 chess final 2018"]
[Site "Sochi"]
[Date "2018.05.10"]
[Round "7.3"]
[White "Potatueva, Violetta"]
[Black "Kolinchenko, Sofia"]
[Result "0-1"]
[WhiteElo "1140"]
[BlackElo "1351"]
[PlyCount "60"]
[EventDate "2018.05.01"]

1. d4 Nf6 2. Nf3 g6 3. e3 Bg7 4. Bd3 O-O 5. O-O d6 6. b3 Nbd7 7. Bb2 Re8 8.
Nbd2 e5 9. Ng5 h6 10. Nge4 Nxe4 11. Bxe4 Nf6 12. Bd3 e4 13. Bc4 d5 14. Be2 c6
15. c4 Bd7 16. f4 exf3 17. Rxf3 Bg4 18. Rg3 Bxe2 19. Qxe2 Qe7 20. Rf1 Qe6 21.
Rc1 Rac8 22. cxd5 cxd5 23. Rxc8 Rxc8 24. Nf3 Ne4 25. Rh3 Nc3 26. Qd3 Qe4 27.
Qxe4 Nxe4 28. Ne5 Bxe5 29. dxe5 Rc2 30. Ba1 Rc1# 0-1